Southville International School and Colleges
Your cart is empty.
  • Cart
  • Lists
    Public lists Eva Luna New books Lux_list list_1
    Your lists Log in to create your own lists
  • Log in to your account
  • Your cookies
  • Search history
Southville International School and Colleges
  • Advanced search
  • Recent comments
  • Most popular
  • Libraries

Log in to your account

Log in with GOOGLE


If you do not have an external account, but do have a local account, you can still log in:

  1. Home
  2. MARC view: Following God :
Normal view MARC view ISBD view

Following God : (Record no. 7247)

[ view plain ]
MARC details
000 -LEADER
fixed length control field 00690nam a22002417a 4500
003 - CONTROL NUMBER IDENTIFIER
control field OSt
005 - DATE AND TIME OF LATEST TRANSACTION
control field 20140310181928.0
008 - FIXED-LENGTH DATA ELEMENTS--GENERAL INFORMATION
fixed length control field 130720t xxu||||| |||| 00| 0 eng d
020 ## - INTERNATIONAL STANDARD BOOK NUMBER
International Standard Book Number 978715033060
050 ## - LIBRARY OF CONGRESS CALL NUMBER
Classification number BX 2350.2
Item number .Sa237 1984
082 ## - DEWEY DECIMAL CLASSIFICATION NUMBER
Classification number TR 268
Item number Sa5 2007
100 ## - MAIN ENTRY--PERSONAL NAME
Personal name Santos, Mil
9 (RLIN) 2477
245 ## - TITLE STATEMENT
Title Following God :
Remainder of title bible curriculum and character building /
Statement of responsibility, etc Mil Santos... et al.
260 ## - PUBLICATION, DISTRIBUTION, ETC. (IMPRINT)
Place of publication, distribution, etc Pasig City :
Name of publisher, distributor, etc ICI Ministries, Inc.
Date of publication, distribution, etc c1984.
300 ## - PHYSICAL DESCRIPTION
Extent 276 p.
Other physical details ill. ;
Dimensions 28 cm.
521 ## - TARGET AUDIENCE NOTE
Target audience note
541 ## - IMMEDIATE SOURCE OF ACQUISITION NOTE
-- 1
541 ## - IMMEDIATE SOURCE OF ACQUISITION NOTE
-- 2
562 ## - COPY AND VERSION IDENTIFICATION NOTE
Number of copies 2
600 ## - SUBJECT ADDED ENTRY--PERSONAL NAME
Personal name Del Rosario, Sur
9 (RLIN) 2478
650 ## - SUBJECT ADDED ENTRY--TOPICAL TERM
Topical term or geographic name as entry element Christian education
9 (RLIN) 2466
942 ## - ADDED ENTRY ELEMENTS (KOHA)
Source of classification or shelving scheme Library of Congress Classification
Koha item type
Call number prefix
Holdings
Withdrawn status Lost status Source of classification or shelving scheme Damaged status Home library Current library Shelving location Date acquired Total Checkouts Full call number Barcode Date last seen Copy number Price effective from Koha item type
    Library of Congress Classification   Luxembourg Library Luxembourg Library Teachers Reference Section 07/20/2013   BX 2350.2 .Sa237 1984 17425 08/13/2013 1 10/03/2013 Books
    Library of Congress Classification   Luxembourg Library Luxembourg Library Teachers Reference Section 07/20/2013   BX 2350.2 .Sa237 1984 17426 08/13/2013 2 10/03/2013 Books

Following God :

APA

Santos M., . (1984). Following God. Pasig City: ICI Ministries, Inc.

Chicago

Santos Mil, . 1984. Following God. Pasig City: ICI Ministries, Inc.

Harvard

Santos M., . (1984). Following God. Pasig City: ICI Ministries, Inc.

MLA

Santos Mil, . Following God. Pasig City: ICI Ministries, Inc. 1984.

  • Place hold
  • Print
  • Cite
  • Add to your cart (remove)
  • Save record
    BIBTEX Dublin Core MARCXML MARC (non-Unicode/MARC-8) MARC (Unicode/UTF-8) MARC (Unicode/UTF-8, Standard) MODS (XML) RIS
  • More searches
    Search for this title in:
    Other Libraries (WorldCat) Other Databases (Google Scholar) Online Stores (Bookfinder.com) Open Library (openlibrary.org)

Exporting to Dublin Core...

SOUTHVILLE LIBRARY

Southville International School and Colleges Library

1281 Tropical Ave. Cor. Luxembourg St., BF Homes International, Las Pinas City

Tel. No. 8256374 / 252358 Loc. 117/146

Powered by Koha